000 00666nam a22002057a 4500
005 20251108164032.0
008 250721s1994 xx 000 0 ara d
082 1 4 _a371.3/شار
100 1 _aالشارف، أحمد العريفي
245 1 0 _aالمرشد في التربية العملية /
264 1 _aطرابلس (ليبيا) :
_bالدار الجماهيرية،
_c1994.
300 _a92ص
650 1 7 _aالتربية العملية
650 1 7 _aأساليب التدريس
650 1 7 _aالتدريس
700 1 _aعبد الدائم، عبد الحميد
700 1 _aالمقرم، سعد خليفه
942 _2ddc
_cBK
999 _c1968
_d1968